[Event "74th ch-RUS w 2024"]
[Site "Barnaul RUS"]
[Date "2024.08.25"]
[Round "8.5"]
[White "Voit, Daria"]
[Black "Karmanova, Olga Dm."]
[Result "1-0"]
[WhiteTitle "WGM"]
[BlackTitle "WFM"]
[WhiteElo "2345"]
[BlackElo "2325"]
[WhiteFideId "4182146"]
[BlackFideId "24215333"]
[EventDate "2024.08.17"]

1. d4 Nf6 2. c4 e6 3. Nc3 Bb4 4. Nf3 d5 5. cxd5 exd5 6. Bg5 h6 7. Bxf6 Qxf6 8.
e3 c6 9. Qa4 a5 10. a3 b5 11. Qc2 Bf5 12. Bd3 Bxc3+ 13. Qxc3 Bxd3 14. Qxd3 Nd7
15. a4 bxa4 16. Rxa4 O-O 17. O-O Rfb8 18. Qc3 Rb5 19. Rfa1 Rab8 20. R1a2 Qg6 21.
Qc1 Qd3 22. h3 Qe2 23. b3 Qd3 24. Qxc6 Nf6 25. Nd2 Ne4 26. Nxe4 dxe4 27. Rxa5
Rxb3 28. Ra8 1-0

[Event "74th ch-RUS w 2024"]
[Site "Barnaul RUS"]
[Date "2024.08.25"]
[Round "8.6"]
[White "Pogonina, Natalija"]
[Black "Goryachkina, Aleksandra"]
[Result "1-0"]
[WhiteTitle "WGM"]
[BlackTitle "GM"]
[WhiteElo "2387"]
[BlackElo "2545"]
[WhiteFideId "4147855"]
[BlackFideId "4147103"]
[EventDate "2024.08.17"]

1. d4 Nf6 2. Nf3 d5 3. Bf4 Bf5 4. c4 e6 5. Nc3 dxc4 6. Qa4+ Nbd7 7. Qxc4 Bd6 8.
Bxd6 cxd6 9. e3 O-O 10. Be2 Ne4 11. Nxe4 Bxe4 12. Qb4 Rc8 13. O-O Rc2 14. Bd1
Rc6 15. Nd2 Bd3 16. Re1 Qc7 17. d5 exd5 18. Qd4 Bc4 19. b3 Ba6 20. Bf3 Nf6 21.
Bxd5 Nxd5 22. Qxd5 b6 23. Nf3 Rc5 24. Qd2 Bb7 25. Nd4 Qe7 26. e4 g6 27. f3 Rfc8
28. Rad1 Qf6 29. Qf2 a5 30. Rd2 b5 31. Nc2 Rc3 32. Ne3 h5 33. Qg3 Qe5 34. Rxd6
Qc5 35. Kf2 Re8 36. Rd2 a4 37. bxa4 bxa4 38. Qd6 Qxd6 39. Rxd6 Kg7 40. Rb1 Bc8
41. Rb8 Kf8 42. Rb4 Ra3 43. Rd2 Be6 44. Nd5 Rd8 45. h4 Kg7 46. Ke2 Rd7 47. Rb6
Rd8 48. Rc6 Kf8 49. Rc3 Rxc3 50. Nxc3 Ra8 51. a3 Bc4+ 52. Ke3 Ke7 53. Rd4 Bb3
54. Rb4 Ra5 55. f4 Ra7 56. Kd4 Kf8 57. Rb8+ Kg7 58. Nd5 Ra6 59. Rb4 Ra7 60. g3
Rd7 61. Ke5 f5 62. Rd4 fxe4 63. Kxe4 Bxd5+ 64. Rxd5 Rb7 65. Rd3 Kf6 66. Rd6+ Kg7
67. Rd3 Kf6 68. Rc3 Rb2 69. Rc6+ Kg7 70. Rc7+ Kf6 71. Rc6+ Kg7 72. Ra6 Rb3 73.
Rxa4 Rxg3 74. Ra7+ Kf6 75. Ra6+ Ke7 76. a4 Kd7 77. Ke5 Rg4 78. a5 Kc7 79. Re6
Kb7 80. Rf6 Ka7 81. a6 Ka8 82. Re6 Ka7 83. Rd6 Ka8 84. Ke4 Ka7 85. Rc6 Rg1 86.
Kf3 Rf1+ 87. Kg3 Rg1+ 88. Kf2 Rg4 89. Kf3 Rg1 90. Rc5 Kxa6 91. Rg5 Rh1 92. Rxg6+
Kb7 93. f5 Kc7 94. Kf4 Rxh4+ 95. Kg5 Rh1 96. Rh6 Rg1+ 97. Kxh5 Kd7 98. Re6 Rg2
99. Kh6 Rg1 100. Rg6 Ra1 101. Kg7 Ra7 102. Re6 Ra5 103. Kg6 Ra1 104. Re2 Kd6
105. f6 Rf1 106. Kg7 Rg1+ 107. Kf8 Kd7 108. f7 Rf1 109. Rd2+ 1-0

[Event "74th ch-RUS w 2024"]
[Site "Barnaul RUS"]
[Date "2024.08.26"]
[Round "9.1"]
[White "Shuvalova, Polina"]
[Black "Lagno, Kateryna"]
[Result "1-0"]
[WhiteTitle "IM"]
[BlackTitle "GM"]
[WhiteElo "2487"]
[BlackElo "2532"]
[WhiteFideId "24171760"]
[BlackFideId "14109336"]
[EventDate "2024.08.17"]

1. e4 e5 2. Nf3 Nc6 3. Bc4 Bc5 4. O-O d6 5. c3 Bb6 6. d3 h6 7. b4 Nge7 8. a4 a6
9. Qb3 O-O 10. Be3 Ng6 11. Nbd2 Qf6 12. Qb2 Nf4 13. Kh1 Bg4 14. a5 Ba7 15. b5
Nd8 16. b6 Bb8 17. d4 c6 18. d5 cxd5 19. exd5 g5 20. Ng1 Qg6 21. f3 Bd7 22. g3
Nh5 23. g4 Ng7 24. Ne2 h5 25. Qb1 f5 26. Ng3 h4 27. gxf5 Nxf5 28. Nxf5 Bxf5 29.
Qe1 Nf7 30. Rg1 Kg7 31. Bxg5 Nxg5 32. Qxh4 Kf6 33. Raf1 Rg8 34. Ne4+ Bxe4 35.
fxe4+ Ke7 36. Rf5 1-0

[Event "74th ch-RUS w 2024"]
[Site "Barnaul RUS"]
[Date "2024.08.26"]
[Round "9.2"]
[White "Karmanova, Olga Dm."]
[Black "Pogonina, Natalija"]
[Result "1/2-1/2"]
[WhiteTitle "WFM"]
[BlackTitle "WGM"]
[WhiteElo "2325"]
[BlackElo "2387"]
[WhiteFideId "24215333"]
[BlackFideId "4147855"]
[EventDate "2024.08.17"]

1. e4 e5 2. Nf3 Nc6 3. Bb5 a6 4. Ba4 Nf6 5. O-O Be7 6. Re1 b5 7. Bb3 d6 8. c3
O-O 9. d4 Bg4 10. Be3 Bh5 11. h3 exd4 12. cxd4 Na5 13. Bc2 Nc4 14. Bc1 d5 15. e5
Ne4 16. Nc3 Nxc3 17. bxc3 a5 18. Qe2 Qd7 19. g4 Bg6 20. Bxg6 fxg6 21. Kg2 b4 22.
Nd2 Qc6 23. Nxc4 dxc4+ 24. Qe4 Qxe4+ 25. Rxe4 c6 26. Bb2 g5 27. Rc1 b3 28. a4
Kf7 29. e6+ Kf6 30. Rce1 Rad8 31. Bc1 Kg6 32. R1e2 Rd5 33. Re1 h6 34. R1e2 Kh7
35. Re1 Rb8 36. R1e2 Kg8 37. Bb2 Bd6 38. R4e3 Kf8 39. Rf3+ Bf4 40. h4 Kg8 41.
hxg5 hxg5 42. Rh3 Re8 43. Rh1 Rdd8 44. Rhe1 Rb8 45. Re4 Rb7 46. R1e2 Kh7 47. Ba3
Kg6 48. d5 cxd5 49. Rd4 Bd6 50. Bc1 Bf4 51. Ba3 Bd6 52. Bc1 Bf4 53. Ba3 Bd6 54.
Bc1 1/2-1/2

[Event "74th ch-RUS w 2024"]
[Site "Barnaul RUS"]
[Date "2024.08.26"]
[Round "9.3"]
[White "Charochkina, Daria"]
[Black "Voit, Daria"]
[Result "1-0"]
[WhiteTitle "IM"]
[BlackTitle "WGM"]
[WhiteElo "2295"]
[BlackElo "2345"]
[WhiteFideId "4180917"]
[BlackFideId "4182146"]
[EventDate "2024.08.17"]

1. d4 Nf6 2. c4 e6 3. Nc3 Bb4 4. a3 Bxc3+ 5. bxc3 b6 6. f3 Nc6 7. e4 d6 8. Bd3
Na5 9. Bg5 Qd7 10. f4 Ba6 11. e5 Ng8 12. Qf3 Rc8 13. Ne2 Bxc4 14. O-O Bxd3 15.
Qxd3 Ne7 16. Ng3 h6 17. Bxe7 Kxe7 18. f5 Rcf8 19. exd6+ cxd6 20. Nh5 Kd8 21.
Nxg7 Rfg8 22. fxe6 fxe6 23. Nh5 Rg5 24. Nf4 Kc8 25. Qe4 Re8 26. Qa8+ Kc7 27.
Qxa7+ Nb7 28. Rab1 b5 29. c4 Qc8 30. cxb5 Kd7 31. Rbc1 Qa8 32. Qb6 Rc8 33. d5
Nc5 34. dxe6+ Ke7 35. Rcd1 Ne4 36. Qd4 Rcc5 37. h4 Rg4 38. Nd5+ Rxd5 39. Qxd5
Qa7+ 40. Qd4 Qa8 41. Rf7+ Kxe6 42. Qc4+ d5 43. Rxd5 1-0

[Event "74th ch-RUS w 2024"]
[Site "Barnaul RUS"]
[Date "2024.08.26"]
[Round "9.4"]
[White "Goryachkina, Aleksandra"]
[Black "Gunina, Valentina"]
[Result "1/2-1/2"]
[WhiteTitle "GM"]
[BlackTitle "GM"]
[WhiteElo "2545"]
[BlackElo "2435"]
[WhiteFideId "4147103"]
[BlackFideId "4167570"]
[EventDate "2024.08.17"]

1. d4 d5 2. c4 c6 3. Nc3 Nf6 4. cxd5 cxd5 5. Bf4 Nc6 6. e3 a6 7. Be2 Bf5 8. Nf3
e6 9. Qb3 Nh5 10. Be5 Na5 11. Qa4+ Nc6 12. Qb3 Na5 13. Qa4+ 1/2-1/2

[Event "74th ch-RUS w 2024"]
[Site "Barnaul RUS"]
[Date "2024.08.26"]
[Round "9.5"]
[White "Garifullina, Leya"]
[Black "Girya, Olga"]
[Result "1/2-1/2"]
[WhiteTitle "IM"]
[BlackTitle "GM"]
[WhiteElo "2449"]
[BlackElo "2402"]
[WhiteFideId "34127035"]
[BlackFideId "4195752"]
[EventDate "2024.08.17"]

1. d4 Nf6 2. c4 e6 3. g3 d5 4. Bg2 Be7 5. Nf3 O-O 6. O-O dxc4 7. Qc2 a6 8. a4
Bd7 9. Qxc4 Bc6 10. Bg5 Nbd7 11. Nc3 h6 12. Bxf6 Nxf6 13. Rfe1 Bd5 14. Qd3 Bxf3
15. Bxf3 c6 16. h4 a5 17. h5 Qb6 18. e3 Rfd8 19. Qe2 Rd7 20. Red1 Rad8 21. Rac1
Qb4 22. Qc2 Bf8 23. Kg2 Qe7 24. Rd2 e5 25. Rcd1 Qe6 26. dxe5 Rxd2 27. Rxd2 Rxd2
28. Qxd2 Qxe5 29. Qd8 Nxh5 30. Qa8 Nf6 31. Qxb7 Bb4 32. Qxc6 g5 33. Qc4 Kg7 34.
Ne2 Qxb2 35. Nd4 Qc3 36. Qa6 g4 37. Be2 Qc5 38. Bd3 Qd5+ 39. Kg1 Ne4 40. Qc8 h5
41. Qf5 Nf6 42. Qf4 Nh7 43. Bc4 Qd7 44. Qe5+ f6 45. Ne6+ Kh6 46. Qf4+ Kg6 47.
Qe4+ f5 48. Nf4+ Kh6 49. Qe5 Bd6 50. Qd4 Qe7 51. Bd3 Qe5 52. Qc4 Ng5 53. Kg2 Qc5
54. Qxc5 Bxc5 55. Bxf5 Nf3 56. Be4 Ne5 57. Ne6 Bb4 58. Kf1 h4 59. gxh4 Kh5 60.
Kg2 Kxh4 61. Kf1 Bc3 62. Ke2 Bb4 63. Nc7 Bd6 64. Nd5 Bc5 65. Bg2 Nc4 66. Nf6 Ne5
67. Bd5 Bb4 68. Ne4 Kh3 69. Ng3 Kh4 70. Kf1 Bc3 71. Kg2 Be1 72. Be4 Kg5 73. Nf5
Bb4 74. Nd4 Kh4 75. Bf5 Bc5 76. Bc8 Bb4 77. Nf5+ Kg5 78. Kg3 Nc4 79. Nd4 Bd6+
80. f4+ 1/2-1/2

[Event "74th ch-RUS w 2024"]
[Site "Barnaul RUS"]
[Date "2024.08.26"]
[Round "9.6"]
[White "Goltseva, Ekaterina"]
[Black "Kovanova, Baira"]
[Result "1-0"]
[WhiteTitle "FM"]
[BlackTitle "WGM"]
[WhiteElo "2366"]
[BlackElo "2301"]
[WhiteFideId "24173770"]
[BlackFideId "4164083"]
[EventDate "2024.08.17"]

1. d4 Nf6 2. c4 e6 3. Nc3 Bb4 4. e3 O-O 5. Nf3 d5 6. Bd3 b6 7. O-O dxc4 8. Bxc4
Bb7 9. Qe2 Qe7 10. Bd3 c5 11. a3 Bxc3 12. bxc3 Be4 13. Bb2 Nbd7 14. c4 Rfd8 15.
Rfd1 Rac8 16. Rac1 Bxd3 17. Rxd3 Ne4 18. Rdd1 Nd6 19. Nd2 h6 20. h3 Qg5 21. Nf3
Qe7 22. Nd2 e5 23. dxe5 Nxe5 24. e4 Re8 25. Re1 Nc6 26. Qe3 Rcd8 27. f4 Nf5 28.
Qf2 Nfd4 29. Nf1 Qe6 30. e5 Ne7 31. Ng3 f5 32. exf6 Qxf6 33. Re4 Nec6 34. Rce1
Rxe4 35. Rxe4 Qf7 36. f5 Qxc4 37. f6 Qf7 38. Rg4 g6 39. Ne4 Ne5 40. Rg3 Kh7 41.
Re3 Nec6 42. Qf4 Rd5 43. Nd6 Qf8 44. f7 Rxd6 45. Re8 Ne2+ 46. Kh2 1-0

[Event "74th ch-RUS w 2024"]
[Site "Barnaul RUS"]
[Date "2024.08.27"]
[Round "10.1"]
[White "Gunina, Valentina"]
[Black "Kovanova, Baira"]
[Result "0-1"]
[WhiteTitle "GM"]
[BlackTitle "WGM"]
[WhiteElo "2435"]
[BlackElo "2301"]
[WhiteFideId "4167570"]
[BlackFideId "4164083"]
[EventDate "2024.08.17"]

1. d4 Nf6 2. c4 e6 3. Nf3 Bb4+ 4. Bd2 Qe7 5. e3 b6 6. Bd3 Bb7 7. Nc3 O-O 8. O-O
d6 9. Re1 Bxc3 10. Bxc3 Ne4 11. Bxe4 Bxe4 12. Nd2 Bb7 13. e4 Nd7 14. Nf1 Rfe8
15. Ng3 Qg5 16. Rf1 Nf6 17. Qe2 Qg6 18. Rae1 e5 19. d5 Bc8 20. f4 exf4 21. Rxf4
Ng4 22. Ref1 f6 23. h3 Ne5 24. Kh2 Bd7 25. Nh5 Re7 26. b4 a6 27. Re1 Kh8 28. Qd1
Rf8 29. c5 Qh6 30. c6 Bc8 31. Rff1 Rfe8 32. Ng3 Ng4+ 33. Kg1 Qh4 34. Nf5 Bxf5
35. Rxf5 Ne5 36. Bd4 Nd3 37. Ref1 Qxe4 38. Ba1 Qxf5 39. Rxf5 Re1+ 40. Rf1 Rxd1
41. Rxd1 Nxb4 42. Kf2 Nxa2 43. g4 a5 44. h4 Kg8 45. g5 fxg5 46. Rg1 Rf8+ 47. Ke2
Rf5 48. hxg5 Kf7 49. g6+ hxg6 50. Rh1 Kg8 51. Rg1 g5 52. Bd4 Nb4 53. Be3 Rxd5
54. Bxg5 Nxc6 55. Bf6 Nd4+ 56. Ke3 Ne6 57. Ke4 c6 58. Bc3 a4 59. Bb2 b5 60. Ra1
Nc5+ 61. Ke3 b4 62. Rg1 Ne6 63. Rc1 a3 64. Ba1 b3 65. Bc3 Nc5 66. Bb4 0-1

[Event "74th ch-RUS w 2024"]
[Site "Barnaul RUS"]
[Date "2024.08.27"]
[Round "10.2"]
[White "Girya, Olga"]
[Black "Goltseva, Ekaterina"]
[Result "0-1"]
[WhiteTitle "GM"]
[BlackTitle "FM"]
[WhiteElo "2402"]
[BlackElo "2366"]
[WhiteFideId "4195752"]
[BlackFideId "24173770"]
[EventDate "2024.08.17"]

1. d4 d5 2. c4 e6 3. Nf3 Nf6 4. Nc3 Bb4 5. cxd5 exd5 6. Bg5 h6 7. Bh4 O-O 8. Qb3
c5 9. dxc5 Nc6 10. e3 Be6 11. Nd4 Bxc5 12. Nxe6 fxe6 13. Be2 d4 14. Qxe6+ Kh8
15. O-O-O Qa5 16. exd4 Nxd4 17. Qc4 b5 18. Qxc5 Nxe2+ 19. Kb1 Rac8 20. Qf5 Nxc3+
21. bxc3 Qxc3 22. Bg3 Qb4+ 23. Ka1 Ne4 24. Qe5 Rc2 25. Rc1 Nxg3 26. Rxc2 Nxh1
27. Rc7 Qg4 0-1

[Event "74th ch-RUS w 2024"]
[Site "Barnaul RUS"]
[Date "2024.08.27"]
[Round "10.3"]
[White "Lagno, Kateryna"]
[Black "Garifullina, Leya"]
[Result "1/2-1/2"]
[WhiteTitle "GM"]
[BlackTitle "IM"]
[WhiteElo "2532"]
[BlackElo "2449"]
[WhiteFideId "14109336"]
[BlackFideId "34127035"]
[EventDate "2024.08.17"]

1. e4 e5 2. d4 exd4 3. Qxd4 Nc6 4. Qe3 Nf6 5. Nc3 Bb4 6. Bd2 O-O 7. O-O-O Re8 8.
Bc4 d6 9. Nf3 Be6 10. Bxe6 Rxe6 11. Ng5 Re8 12. a3 Ba5 13. Qg3 Qd7 14. f3 Ne5
15. Qh3 Qxh3 16. Nxh3 Nc4 17. Be1 c6 18. Nf4 Rad8 19. h4 d5 20. exd5 Ne3 21. Rd3
Bc7 22. g3 Bxf4 23. gxf4 Nfxd5 24. Bf2 Nxc3 25. Rxd8 Rxd8 26. Bxe3 Ne2+ 27. Kb1
b6 28. Re1 Ng3 29. Bf2 Nf5 30. Kc1 f6 31. Re6 c5 32. a4 Kf7 33. Rc6 Rd7 34. Rc8
Ne7 35. Ra8 Nd5 36. f5 Ne7 37. a5 Nxf5 38. Rb8 bxa5 39. Rb5 Nd4 40. Rxc5 Nxf3
41. Rxa5 Ke6 42. h5 g5 43. hxg6 hxg6 44. Rxa7 Rxa7 45. Bxa7 Kd5 46. b3 g5 47.
c4+ Ke4 48. Kb2 g4 49. b4 g3 50. b5 g2 51. Kc3 Ke5 52. Kd3 f5 53. Bf2 Ng5 54. b6
Kd6 55. c5+ Kc6 56. Ke3 Nh3 1/2-1/2

[Event "74th ch-RUS w 2024"]
[Site "Barnaul RUS"]
[Date "2024.08.27"]
[Round "10.4"]
[White "Voit, Daria"]
[Black "Shuvalova, Polina"]
[Result "1/2-1/2"]
[WhiteTitle "WGM"]
[BlackTitle "IM"]
[WhiteElo "2345"]
[BlackElo "2487"]
[WhiteFideId "4182146"]
[BlackFideId "24171760"]
[EventDate "2024.08.17"]

1. d4 Nf6 2. c4 e6 3. Nc3 d5 4. cxd5 exd5 5. Bg5 Be7 6. e3 h6 7. Bh4 Bg4 8. f3
Be6 9. Bd3 c5 10. Nge2 Nc6 11. O-O O-O 12. Rc1 Rc8 13. Bb1 cxd4 14. exd4 Qd7 15.
Qd3 g6 16. g4 Nh7 17. Bf2 Rfe8 18. h4 Kh8 19. h5 Nb4 20. Qd2 Ng5 21. Bg3 gxh5
22. a3 Nc6 23. Qd3 hxg4 24. fxg4 Rg8 25. Nf4 Bxg4 26. Nfxd5 Bd8 27. Kh1 Bf3+ 28.
Rxf3 Qh3+ 29. Bh2 Qxf3+ 30. Qxf3 Nxf3 31. Rf1 Ncxd4 32. Be4 Nxh2 33. Rxf7 Rg5
34. Kxh2 Kg8 35. Rxb7 Nc6 36. Rh7 h5 37. Kh3 Rb8 38. b4 a6 39. Rh6 Ne5 40. Rxa6
h4 41. Ne2 Ng4 42. Bf3 Nf2+ 1/2-1/2

[Event "74th ch-RUS w 2024"]
[Site "Barnaul RUS"]
[Date "2024.08.27"]
[Round "10.5"]
[White "Pogonina, Natalija"]
[Black "Charochkina, Daria"]
[Result "1/2-1/2"]
[WhiteTitle "WGM"]
[BlackTitle "IM"]
[WhiteElo "2387"]
[BlackElo "2295"]
[WhiteFideId "4147855"]
[BlackFideId "4180917"]
[EventDate "2024.08.17"]

1. d4 d5 2. Nf3 Nf6 3. c4 c6 4. Nc3 e6 5. e3 Nbd7 6. Be2 dxc4 7. a4 Bd6 8. Nd2
O-O 9. Nxc4 Bc7 10. e4 e5 11. d5 Nb6 12. Ne3 a5 13. O-O Qe7 14. Qb3 Rd8 15. Rd1
Qb4 16. Qc2 Qe7 17. h3 Bd6 18. Nc4 Nxc4 19. Bxc4 Nh5 20. Qe2 Nf4 21. Bxf4 exf4
22. dxc6 bxc6 23. e5 Bb4 24. Rxd8+ Qxd8 25. Qe4 Qe7 26. Bd3 g6 27. Qxf4 Bxc3 28.
bxc3 Be6 29. Bc4 Rd8 30. Re1 Kg7 31. h4 h5 32. g3 Rb8 33. Kg2 Rb2 34. Re3 c5 35.
Bxe6 Qxe6 36. Rf3 Rb6 37. Qe4 Qe7 38. Qa8 Rb2 39. Qxa5 Qxe5 40. Qa8 c4 41. Rf4
Rc2 42. Qf3 Qe6 43. Qd1 Qc6+ 44. Kh2 Ra2 45. Qd4+ f6 46. Qa7+ Kg8 47. Qb8+ Kf7
48. Qb5 Qxb5 49. axb5 Rb2 50. Kg2 Rxb5 51. Rxc4 Rb2 52. Re4 Rc2 53. Re3 g5 54.
hxg5 fxg5 55. Re5 Kf6 56. Rc5 g4 57. Rxh5 Rxc3 58. Kf1 Rc2 59. Ke1 Ra2 60. Rd5
Ra4 61. Ke2 Re4+ 62. Kd3 Re1 63. Ra5 Kg6 64. Ra2 Kf5 65. Ra5+ Kf6 66. Ra4 Kf5
67. Rf4+ Kg5 68. Re4 Ra1 69. Re5+ Kf6 70. Re2 Kf5 71. Rc2 Re1 72. Re2 1/2-1/2

[Event "74th ch-RUS w 2024"]
[Site "Barnaul RUS"]
[Date "2024.08.27"]
[Round "10.6"]
[White "Goryachkina, Aleksandra"]
[Black "Karmanova, Olga Dm."]
[Result "1/2-1/2"]
[WhiteTitle "GM"]
[BlackTitle "WFM"]
[WhiteElo "2545"]
[BlackElo "2325"]
[WhiteFideId "4147103"]
[BlackFideId "24215333"]
[EventDate "2024.08.17"]

1. e4 c6 2. d4 d5 3. Nd2 dxe4 4. Nxe4 Bf5 5. Ng3 Bg6 6. h4 h6 7. Nf3 Nd7 8. h5
Bh7 9. Bd3 Bxd3 10. Qxd3 e6 11. Bd2 Ngf6 12. O-O-O Be7 13. Ne4 Nxe4 14. Qxe4 Nf6
15. Qe2 Qd5 16. Kb1 Qe4 17. Qxe4 Nxe4 18. Be3 O-O 19. Ne5 Rfd8 20. Rd3 c5 21.
Re1 cxd4 22. Bxd4 Nc5 23. Bxc5 Bxc5 24. Rf3 Rd5 25. a3 Bd4 26. Nxf7 Rxh5 27. c3
Bc5 28. Re5 Rxe5 29. Nxe5 Rd8 30. Kc2 Rd5 31. Nd3 Bb6 32. Rf4 Rg5 33. g4 h5 34.
gxh5 Rxh5 35. Kd2 Rf5 36. f3 g5 37. Rg4 Kf7 38. Ke2 Kf6 39. c4 Ke7 40. b4 Bc7
41. Ke3 Bd6 42. Ke4 Kf6 43. Rg1 Kg6 44. Rd1 Rf7 45. c5 Bc7 46. Rh1 Rf8 47. b5
Rd8 48. a4 Kg7 49. Rd1 Rd5 50. Ra1 Ba5 51. Rc1 Kf6 52. Rc2 Bc7 53. Ra2 Ba5 54.
Rh2 Kg7 55. Rc2 Kf6 56. c6 bxc6 57. bxc6 Bc7 58. Rb2 Rd6 59. Ne5 Rd5 60. Nd7+
Ke7 61. Rb7 Kd6 62. Nf6 Kxc6 63. Rxc7+ Kxc7 64. Nxd5+ exd5+ 65. Kxd5 Kb6 66. Ke5
Ka5 67. Kf5 Kxa4 68. Kxg5 a5 69. f4 Kb3 70. f5 a4 71. f6 a3 72. f7 1/2-1/2

[Event "74th ch-RUS w 2024"]
[Site "Barnaul RUS"]
[Date "2024.08.28"]
[Round "11.2"]
[White "Karmanova, Olga Dm."]
[Black "Gunina, Valentina"]
[Result "1-0"]
[WhiteTitle "WFM"]
[BlackTitle "GM"]
[WhiteElo "2325"]
[BlackElo "2435"]
[WhiteFideId "24215333"]
[BlackFideId "4167570"]
[EventDate "2024.08.17"]

1. e4 c5 2. Nf3 Nc6 3. Bb5 e6 4. O-O Nge7 5. Re1 Nd4 6. Nxd4 cxd4 7. c3 a6 8.
Bf1 Nc6 9. b4 Bd6 10. Bb2 dxc3 11. dxc3 Qc7 12. g3 O-O 13. a4 b6 14. Na3 Bb7 15.
Nc4 Be7 16. Qe2 f5 17. Qe3 b5 18. Qb6 Bd8 19. axb5 axb5 20. Rxa8 Bxa8 21. Qxb5
fxe4 22. Nd2 d5 23. c4 Qa7 24. Re2 Rxf2 25. Rxf2 e3 26. cxd5 exf2+ 27. Kg2 exd5
28. Qxd5+ Kf8 29. Nf3 Bf6 30. Bxf6 gxf6 31. Bc4 Ke8 32. Qg8+ Kd7 33. Qxh7+ Ne7
34. Qd3+ Ke8 35. h4 Qb6 36. b5 f5 37. h5 Be4 38. Qb3 f4 39. Qc3 fxg3 40. Kxg3
Nf5+ 41. Kf4 Qh6+ 42. Ng5 Nd6 43. Qe5+ Kd8 44. Bf1 Bf5 45. b6 Bd7 46. Kg3 Qf8
47. Ne6+ Bxe6 48. Qxe6 Nf5+ 49. Kh2 Qc5 50. h6 Ne3 51. Qf6+ Kc8 52. Ba6+ Kd7 53.
Qf7+ Kd8 54. Qc7+ Qxc7+ 55. bxc7+ Kxc7 56. h7 Kb6 57. Be2 1-0

[Event "74th ch-RUS w 2024"]
[Site "Barnaul RUS"]
[Date "2024.08.28"]
[Round "11.3"]
[White "Shuvalova, Polina"]
[Black "Pogonina, Natalija"]
[Result "1-0"]
[WhiteTitle "IM"]
[BlackTitle "WGM"]
[WhiteElo "2487"]
[BlackElo "2387"]
[WhiteFideId "24171760"]
[BlackFideId "4147855"]
[EventDate "2024.08.17"]

1. e4 e5 2. Nf3 Nc6 3. Bb5 a6 4. Ba4 Nf6 5. O-O Be7 6. Re1 b5 7. Bb3 d6 8. c3
O-O 9. h3 Nb8 10. d4 Nbd7 11. c4 c6 12. Nc3 b4 13. Ne2 Nxe4 14. Qc2 Nef6 15. Ng3
c5 16. dxe5 Nxe5 17. Nxe5 dxe5 18. Rxe5 Bd6 19. Re2 Re8 20. Bg5 Rxe2 21. Qxe2 h6
22. Qf3 Ra7 23. Bf4 Bxf4 24. Qxf4 Be6 25. Rd1 Rd7 26. Rxd7 Qxd7 27. Bc2 Qd8 28.
b3 a5 29. Kh2 h5 30. h4 g6 31. f3 Nd7 32. Ne4 Bf5 33. Ng5 Qf6 34. Bxf5 gxf5 35.
Nh3 Kf8 36. Qg5 Qe5+ 37. Qg3 Qd4 38. Qc7 Ke8 39. Nf4 Qf2 40. Kh3 Qe1 41. Nd5
Qh1+ 42. Kg3 Qe1+ 43. Kf4 Qd2+ 44. Kxf5 Qc2+ 45. Kf4 Qd2+ 46. Kg3 Qe1+ 47. Kh3
Qh1+ 48. Qh2 Qe1 49. Qf4 Qe6+ 50. Kh2 Kf8 51. Qg5 Qe5+ 52. f4 Qd6 53. Qxh5 Kg7
54. Qg5+ Kh7 55. Qf5+ Kg7 56. g3 f6 57. Qg4+ Kh8 58. h5 1-0

[Event "74th ch-RUS w 2024"]
[Site "Barnaul RUS"]
[Date "2024.08.28"]
[Round "11.4"]
[White "Garifullina, Leya"]
[Black "Voit, Daria"]
[Result "1/2-1/2"]
[WhiteTitle "IM"]
[BlackTitle "WGM"]
[WhiteElo "2449"]
[BlackElo "2345"]
[WhiteFideId "34127035"]
[BlackFideId "4182146"]
[EventDate "2024.08.17"]

1. e4 c6 2. d4 d5 3. e5 Bf5 4. Nf3 e6 5. Be2 c5 6. Be3 Qb6 7. Nc3 Nc6 8. O-O
Qxb2 9. Qe1 cxd4 10. Bxd4 Nxd4 11. Nxd4 Bb4 12. Rb1 Bxc3 13. Rxb2 Bxe1 14. Rxe1
b6 15. h4 h5 16. Nxf5 exf5 17. c4 Ne7 18. Rd2 O-O-O 19. Red1 d4 20. f4 Ng6 21.
g3 Nf8 22. Rxd4 Rxd4 23. Rxd4 Ne6 24. Rd6 g6 25. Bf3 Rd8 26. Rc6+ Kd7 27. Bd5
Rc8 28. Rxc8 Kxc8 29. Kf2 Kd7 30. c5 bxc5 31. Ke3 Kc7 32. Kd3 Kc8 33. Kc4 Kd7
34. Kb5 Kc7 35. a4 Kd7 36. Ba2 Kc7 37. Bc4 Kb7 38. Bd5+ Kc7 39. a5 Kd7 40. Bc6+
Kd8 41. Kc4 Ke7 42. Bb5 f6 43. exf6+ Kxf6 44. Kd5 Ke7 45. Bc4 Kd7 46. Ke5 Nd8
47. Kf6 Nb7 48. Kxg6 Nxa5 49. Be2 Nb3 50. Bxh5 c4 51. Bd1 a5 52. h5 a4 53. h6 a3
54. h7 a2 55. h8=Q a1=Q 56. Qxa1 Nxa1 57. Kxf5 c3 58. Kg6 c2 59. Bxc2 Nxc2 60.
f5 Ne3 61. f6 Ke8 62. Kg7 Nf5+ 63. Kg8 Nh6+ 64. Kh7 Nf7 65. Kg7 Ng5 66. g4 Nf7
67. Kg6 Kf8 68. g5 Nxg5 69. Kxg5 Kf7 70. Kf5 Kf8 71. Ke6 Ke8 72. f7+ Kf8 73. Kf6 1/2-1/2

[Event "74th ch-RUS w 2024"]
[Site "Barnaul RUS"]
[Date "2024.08.28"]
[Round "11.5"]
[White "Goltseva, Ekaterina"]
[Black "Lagno, Kateryna"]
[Result "1/2-1/2"]
[WhiteTitle "FM"]
[BlackTitle "GM"]
[WhiteElo "2366"]
[BlackElo "2532"]
[WhiteFideId "24173770"]
[BlackFideId "14109336"]
[EventDate "2024.08.17"]

1. d4 Nf6 2. c4 e6 3. Nc3 d5 4. Nf3 Bb4 5. e3 O-O 6. Bd3 dxc4 7. Bxc4 c5 8. O-O
cxd4 9. exd4 b6 10. Qe2 Bb7 11. Rd1 h6 12. Bf4 Bxc3 13. bxc3 Nbd7 14. Rac1 Rc8
15. Bd3 Nd5 16. Bd2 Qc7 17. Qe4 N5f6 18. Qh4 e5 19. Bf5 Bxf3 20. gxf3 exd4 21.
Bxh6 Ne5 22. Qg3 Nh5 23. Qh3 Qc6 24. Qxh5 Nxf3+ 25. Kf1 Rfe8 26. Rd3 Nh4 27. Rg3
Nxf5 28. Qxf5 Qxh6 29. Rc2 dxc3 1/2-1/2

[Event "74th ch-RUS w 2024"]
[Site "Barnaul RUS"]
[Date "2024.08.28"]
[Round "11.6"]
[White "Kovanova, Baira"]
[Black "Girya, Olga"]
[Result "1/2-1/2"]
[WhiteTitle "WGM"]
[BlackTitle "GM"]
[WhiteElo "2301"]
[BlackElo "2402"]
[WhiteFideId "4164083"]
[BlackFideId "4195752"]
[EventDate "2024.08.17"]

1. e4 e5 2. Nf3 Nc6 3. Bb5 a6 4. Ba4 Nf6 5. Nc3 Bc5 6. O-O d6 7. d4 exd4 8. Nxd4
Bd7 9. Nxc6 Bxc6 10. Bxc6+ bxc6 11. Bg5 h6 12. Bh4 O-O 13. Kh1 Qe7 14. f4 Qe6
15. Qd3 Bb4 16. Bxf6 Qxf6 17. Na4 Rfe8 18. a3 Ba5 19. b4 Bb6 20. Nxb6 cxb6 21.
Rad1 a5 22. h3 1/2-1/2